| 000 | 00349nam a22001337a 4500 | ||
|---|---|---|---|
| 020 | _a9780689865695 | ||
| 040 | _cNUST | ||
| 082 | _a823-CH KEE | ||
| 100 |
_aKeene, Carolyn _9110166 |
||
| 245 | _aHigh Risk No 4 Nancy Drew Girl Detective | ||
| 260 |
_aNew York: _bAladdin PaperBacks, _c2004. |
||
| 650 |
_aEnglish Fiction _9110174 |
||
| 942 |
_2ddc _cBK |
||
| 999 |
_c593636 _d593636 |
||